000 00767nam a2200289Ia 4500
008 171025s9999 xx 000 0 und d
020 _a90671754X
050 _a428.34
050 _bM659 2002
100 _aMilne, John Morrison
245 _aBusiness language practice /
245 _cby John Morrison Milne.
260 _aLondon :
260 _bLanguage teaching Pub.,
260 _c2002
300 _a120 pages :
300 _billustrations ;
300 _c24cm.
500 _aIncludes answer key.
650 _aBusiness English --
650 _aEnglish language --
650 _aEnglish language --
650 _xBusiness English.
650 _xProblems, exercises, etc.
650 _xTextbooks for foreign speakers.
700 _aTitle.
999 _c344452
_d344452